000 00761nam a22001817a 4500
003 UA-OsUOA
001 18255
007 ta
008 20040426b un ||||| |||| 00| 0 ukr d
100 _aГерус В.
942 _cSA
040 _aUA-OsUOA
_cUA-OsUOA
_dUA-OsUOA
245 _aНові традиції Окінави демонструватимуть на татамі Рівненського міського спорткомплексу впродовж двох днів учасники 2-го чемпіонату та першості України з фудокан карате - до
300 _aС.14
955 _a0
773 0 _w0
_tСім днів
_dРівне
_d2004
_g№15/ 9 квіт./
650 7 _aКраєзнавча робота
_2UDC
999 _c304426
_d304426